[Event "ch-PER 2017"]
[Site "masterchessopen.com Lima PER"]
[Date "2017.03.01"]
[Round "1.42"]
[White "Sirvas Mendizabal,Arian Emmanue"]
[Black "Alfaro Mauricio,Kevin Johan"]
[Result "0-1"]
[WhiteElo "1228"]
[BlackElo "1919"]

1.e4 c5 2.Nc3 g6 3.Nf3 Bg7 4.d4 cxd4 5.Nxd4 Nc6 6.Nxc6 bxc6 7.g3 Rb8 8.Rb1
Bxc3+ 9.Bd2 Bxd2+ 10.Qxd2 Qb6 11.Bg2 Ba6 12.Qc3 Qb4 13.Qxb4 Rxb4 14.c3 Rb6
15.Kd2 Nf6 16.e5 Nd5 17.a4 O-O 18.a5 Rb3 19.Kc2 Rfb8 20.Bxd5 cxd5 21.Rhd1 e6
22.Rd4 Be2 23.Rb4 R3xb4 24.cxb4 Rxb4 25.Kc3 Rb5 26.b4 Kf8 27.Kd2 Bc4 28.Kc3
Ke7 29.f4 d6 30.Kd4 a6 31.exd6+ Kxd6 {#R} 0-1

[Event "ch-PER 2017"]
[Site "masterchessopen.com Lima PER"]
[Date "2017.03.01"]
[Round "2.1"]
[White "Cori,J"]
[Black "Izquierdo,Elias Alberto"]
[Result "1-0"]
[WhiteElo "2612"]
[BlackElo "2108"]

1.d4 Nf6 2.c4 b6 3.f3 Bb7 4.e4 d6 5.Nc3 g6 6.Be3 Bg7 7.Qd2 Nbd7 8.g4 c6 9.h4
h5 10.g5 Ng8 11.d5 c5 12.f4 a6 13.a4 Qc7 14.Bh3 O-O-O 15.Nge2 Kb8 16.Rb1 Re8
17.O-O e6 18.dxe6 fxe6 19.Rbd1 Bf8 20.e5 Ne7 21.exd6 Qc6 22.dxe7 Qh1+ 23.Kf2
Qxh3 24.exf8=Q Qxh4+ 25.Ng3 Rhxf8 26.Qxd7 Qh2+ 27.Ke1 Qxg3+ 28.Bf2 Qg2 29.Qd6+
Kc8 30.Qxb6 Rxf4 31.Qxc5+ Bc6 32.Rd6 {#r} 1-0

[Event "ch-PER 2017"]
[Site "masterchessopen.com Lima PER"]
[Date "2017.03.01"]
[Round "2.2"]
[White "Garcia Benavides,O"]
[Black "Cruz,Cr"]
[Result "0-1"]
[WhiteElo "2084"]
[BlackElo "2565"]

1.e4 c5 2.Nf3 d6 3.Bb5+ Nd7 4.c3 Nf6 5.Bd3 b6 6.O-O Bb7 7.Re1 Rc8 8.Bc2 Qc7
9.d3 g6 10.Bf4 Bg7 11.h3 O-O 12.Qd2 e5 13.Bh6 d5 14.Na3 Rfe8 15.Bxg7 Kxg7
16.c4 d4 17.Ba4 Re7 18.g3 Nf8 19.Nh4 Ne6 20.Rf1 Rf8 21.Rae1 a6 22.Bd1 Kh8
23.Ng2 Nd7 24.f4 exf4 25.gxf4 f5 26.exf5 Bxg2 27.Rxe6 Rxe6 28.fxe6 Bxf1
29.Kxf1 Qxf4+ 30.Qxf4 Rxf4+ 31.Kg2 Nf6 32.Bf3 Rf5 33.Bb7 Re5 34.Bc8 Kg7 35.Kf2
Re3 36.Bxa6 Rxd3 37.Bb7 Re3 {#R} 0-1

[Event "ch-PER 2017"]
[Site "masterchessopen.com Lima PER"]
[Date "2017.03.01"]
[Round "2.3"]
[White "Vera Siguenas,D"]
[Black "Vasquez Jimenez,Cristhian"]
[Result "1-0"]
[WhiteElo "2546"]
[BlackElo "2078"]

1.d4 Nf6 2.Bg5 c5 3.d5 Ne4 4.Bc1 e6 5.dxe6 fxe6 6.g3 d5 7.Bg2 Nf6 8.Nh3 Be7
9.O-O O-O 10.c4 Nc6 11.Nd2 b5 12.b3 Rb8 13.Nf4 Qd6 14.Ba3 b4 15.cxd5 exd5
16.Bb2 g5 17.Nxd5 Nxd5 18.Nc4 Nc3 19.Nxd6 Nxd1 20.Bd5+ Rf7 21.Bxf7+ Kf8
22.Rfxd1 Bxd6 23.Rxd6 Kxf7 24.Rxc6 {#r} 1-0

[Event "ch-PER 2017"]
[Site "masterchessopen.com Lima PER"]
[Date "2017.03.01"]
[Round "2.4"]
[White "Suasnabar,J"]
[Black "Terry,R"]
[Result "0-1"]
[WhiteElo "2023"]
[BlackElo "2454"]

1.e4 e6 2.d4 d5 3.Nd2 Be7 4.Bd3 c5 5.dxc5 Nf6 6.exd5 Qxd5 7.Ngf3 Qxc5 8.O-O
Nbd7 9.Qe2 Qc7 10.Ne4 O-O 11.Re1 b6 12.Nfg5 Bb7 13.Bd2 Nxe4 14.Nxe4 Rfe8
15.Rad1 a6 16.a4 Qc6 17.f4 Nc5 18.Nxc5 Bxc5+ 19.Kh1 Qxa4 20.Ra1 Qd4 21.f5 Qh4
22.Qe5 Qf2 23.Be4 Bxe4 24.Rxe4 Qxd2 25.Rg4 Bf8 26.f6 g6 {#R} 0-1

[Event "ch-PER 2017"]
[Site "masterchessopen.com Lima PER"]
[Date "2017.03.01"]
[Round "2.5"]
[White "Martinez Alcantara,Jose Eduardo"]
[Black "Pizzardo,S"]
[Result "1-0"]
[WhiteElo "2446"]
[BlackElo "2042"]

1.Nf3 Nf6 2.c4 e6 3.g3 Be7 4.Bg2 O-O 5.O-O d5 6.b3 c5 7.e3 Nc6 8.Bb2 d4 9.exd4
cxd4 10.Re1 Bc5 11.Ne5 Nxe5 12.Rxe5 Bd6 13.Bxd4 Bxe5 14.Bxe5 Qd3 15.Nc3 Rd8
16.Bc7 Re8 17.Be5 Qg6 18.d4 Rd8 19.Bf3 Qf5 20.Qe2 h5 21.Rd1 Ng4 22.Be4 Qg5
23.Bf4 Qe7 24.h3 Nf6 25.Bf3 Qb4 26.Ne4 Nxe4 27.Bxe4 g6 28.Bg5 Re8 29.Bf6 Qf8
30.Qe3 e5 31.dxe5 Bxh3 32.Qg5 Re6 33.Bxg6 Rxf6 34.exf6 fxg6 35.Qxg6+ Kh8
36.Qxh5+ Kg8 37.Qg6+ Kh8 38.Rd4 {#r} 1-0

[Event "ch-PER 2017"]
[Site "masterchessopen.com Lima PER"]
[Date "2017.03.01"]
[Round "2.6"]
[White "Cori T.,D"]
[Black "Enriquez,M"]
[Result "1-0"]
[WhiteElo "2422"]
[BlackElo "2020"]

1.d4 Nf6 2.Nf3 e6 3.e3 d5 4.c4 c6 5.Nbd2 b6 6.Bd3 Bb7 7.O-O Nbd7 8.e4 dxe4
9.Nxe4 Nxe4 10.Bxe4 Nf6 11.Bg5 Be7 12.Bxf6 Bxf6 13.Qa4 Qc7 14.Rac1 O-O 15.c5
Rfd8 16.Rfd1 g6 17.h4 b5 18.Qb3 Rd7 19.Qe3 Rad8 20.h5 Kg7 21.g4 h6 22.hxg6
fxg6 23.Bc2 Re7 24.Qe4 Kf8 25.Ne5 Bxe5 26.dxe5 Rd5 27.Qf4+ {#r} 1-0

[Event "ch-PER 2017"]
[Site "masterchessopen.com Lima PER"]
[Date "2017.03.01"]
[Round "2.7"]
[White "Rojas,Steven"]
[Black "Fernandez,Fe"]
[Result "0-1"]
[WhiteElo "2002"]
[BlackElo "2410"]

1.e4 c5 2.Nf3 d6 3.d4 cxd4 4.Nxd4 Nf6 5.Nc3 a6 6.Be2 e5 7.Nb3 Be7 8.O-O O-O
9.Be3 Be6 10.f4 exf4 11.Bxf4 Nc6 12.Kh1 Rc8 13.Nd4 Ne5 14.a4 Qb6 15.Rb1 Rfd8
16.Nf3 Ng6 17.Qd4 Qc6 18.Bg5 h6 19.Be3 d5 20.exd5 Nxd5 21.Nxd5 Rxd5 22.Qc3
Qxa4 23.Qe1 Bc5 24.Bd3 Ne5 25.Bxh6 Nxd3 26.cxd3 gxh6 27.b4 Bf8 28.Ne5 Bg7
29.Nc4 Qc6 30.Na5 Qb5 {#R} 0-1

[Event "ch-PER 2017"]
[Site "masterchessopen.com Lima PER"]
[Date "2017.03.01"]
[Round "2.8"]
[White "Leiva,G"]
[Black "Flores Quillas,Diego Saul Rodri"]
[Result "1-0"]
[WhiteElo "2404"]
[BlackElo "1999"]

1.d4 Nf6 2.c4 c5 3.d5 e6 4.Nc3 exd5 5.cxd5 g6 6.g3 d6 7.Bg2 Bg7 8.Nf3 O-O
9.O-O Re8 10.Bf4 a6 11.a4 Nh5 12.Bg5 Qc7 13.Qd2 Nd7 14.Rfc1 Rb8 15.Rab1 f5
16.b4 b6 17.Bh6 Ne5 18.Bxg7 Nxf3+ 19.Bxf3 Nxg7 20.a5 Bd7 21.axb6 Rxb6 22.bxc5
Rxb1 23.Nxb1 dxc5 24.Qc3 Rc8 25.Nd2 Bb5 26.e4 Qe7 27.e5 Re8 28.Re1 Rc8 29.Nc4
Bxc4 30.Qxc4 {#r} 1-0

[Event "ch-PER 2017"]
[Site "masterchessopen.com Lima PER"]
[Date "2017.03.01"]
[Round "2.9"]
[White "Lemos,Jos"]
[Black "Cori Quispe,Kevin Joel"]
[Result "0-1"]
[WhiteElo "1994"]
[BlackElo "2373"]

1.d4 Nf6 2.Nf3 g6 3.Bf4 Bg7 4.e3 d6 5.h3 O-O 6.Be2 c5 7.Nbd2 Be6 8.c3 Qb6
9.Qc1 cxd4 10.exd4 Nc6 11.Nc4 Qc7 12.O-O Rac8 13.Re1 Nxd4 14.Nxd4 Bxc4 15.Bxc4
Qxc4 16.Rxe7 Nd5 17.Re1 Bxd4 18.cxd4 Qa4 {#R} 0-1

[Event "ch-PER 2017"]
[Site "masterchessopen.com Lima PER"]
[Date "2017.03.01"]
[Round "2.12"]
[White "Espinoza Pacheco,Aldryn Leo"]
[Black "Principe,G"]
[Result "1-0"]
[WhiteElo "1989"]
[BlackElo "2291"]

1.d4 Nf6 2.c4 e6 3.Nf3 b6 4.a3 Bb7 5.Nc3 d5 6.cxd5 exd5 7.Bg5 Be7 8.e3 O-O
9.Bd3 Nbd7 10.Qc2 c5 11.O-O c4 12.Bf5 g6 13.Bh3 a6 14.Ne5 Nxe5 15.dxe5 Nh5
16.Bh6 Re8 17.e6 Bg5 18.exf7+ Kxf7 19.Bxg5 Qxg5 20.Rad1 Qe5 21.Rd4 Nf6 22.Rfd1
Rad8 23.Qd2 Re7 24.g3 b5 25.e4 Rde8 26.exd5 Kg7 27.Be6 Rxe6 28.dxe6 Rxe6
29.Qe3 Qf5 30.Qf4 Qc5 31.Rd6 g5 32.Qd4 Qxd4 33.R6xd4 Re7 34.f4 g4 35.Kf2 Kf7
36.Re1 Rc7 37.Re5 Bf3 38.Rd6 Nd7 39.Rh5 Kg7 40.Rg5+ Kf8 41.Nd5 Ra7 42.Nf6 {#r}
1-0

[Event "ch-PER 2017"]
[Site "masterchessopen.com Lima PER"]
[Date "2017.03.01"]
[Round "2.13"]
[White "Requejo,O"]
[Black "Estrada Zeta,Erick"]
[Result "1-0"]
[WhiteElo "2254"]
[BlackElo "1933"]

1.e4 c5 2.d4 cxd4 3.c3 Nc6 4.cxd4 d5 5.exd5 Qxd5 6.Nf3 e6 7.Nc3 Bb4 8.Be2 Nge7
9.O-O Bxc3 10.bxc3 O-O 11.c4 Qd8 12.Bb2 b6 13.Qb3 Bb7 14.Rad1 Na5 15.Qc3 f6
16.Qe3 Qd7 17.Bc3 Rac8 18.Bxa5 bxa5 19.Bd3 Rfe8 20.Rfe1 Nf5 21.Bxf5 exf5
22.Qc3 Rxe1+ 23.Rxe1 Qa4 24.Nd2 Bd5 25.Qb3 {#r} 1-0

[Event "ch-PER 2017"]
[Site "masterchessopen.com Lima PER"]
[Date "2017.03.01"]
[Round "2.15"]
[White "Arias,M"]
[Black "Noriega,Miguel"]
[Result "1-0"]
[WhiteElo "2237"]
[BlackElo "1913"]

1.d4 Nf6 2.c4 e6 3.Nc3 Bb4 4.e3 Ne4 5.Qc2 f5 6.Bd3 d5 7.f3 Nf6 8.a3 Bxc3+
9.bxc3 O-O 10.Ne2 b6 11.cxd5 Nxd5 12.c4 Ne7 13.O-O Nd7 14.Bb2 Ng6 15.e4 f4
16.e5 Qg5 17.Bxg6 hxg6 18.Qe4 Ba6 19.Qc6 Qe7 20.a4 Qf7 21.a5 Rab8 22.Rfc1 Rfc8
23.Qe4 g5 24.axb6 Rxb6 25.c5 Bb7 26.Qc2 Rb5 27.Rxa7 Bd5 28.Nc3 Bb3 29.Qd3 Rbb8
30.Nb5 Bd5 31.c6 Nf8 32.Nd6 Qh5 33.Nxc8 Rxc8 34.Qa6 Qe8 35.Ba3 Ng6 36.Bd6 g4
37.fxg4 Nh4 38.h3 Nxg2 39.Bxc7 Nh4 40.Qb7 f3 41.Kf2 Qg6 42.Qxc8+ Kh7 43.Ra8
Qd3 44.Qh8+ {#r} 1-0

[Event "ch-PER 2017"]
[Site "masterchessopen.com Lima PER"]
[Date "2017.03.01"]
[Round "2.17"]
[White "Rengifo Blancas,Renzo Jhonathan"]
[Black "Romero Guimaray,Diego"]
[Result "1-0"]
[WhiteElo "2221"]
[BlackElo "1898"]

1.e4 Nc6 2.Nf3 e5 3.Nc3 Bc5 4.Bc4 Nf6 5.d3 h6 6.Ne2 d5 7.exd5 Nxd5 8.Bb5 Qe7
9.c3 Bxf2+ 10.Kxf2 Qc5+ 11.Kf1 Qxb5 12.c4 Qc5 13.cxd5 Qxd5 14.Nc3 Qc5 15.Ne4
Qe7 16.Be3 f5 17.Nc5 O-O 18.Rc1 b6 19.Qb3+ Kh7 20.Qd5 Rf6 21.h4 bxc5 22.Rxc5
Rd6 23.Ng5+ Qxg5 24.hxg5 Rxd5 25.Rxd5 Nb4 26.Rxe5 Nxd3 27.Re7 {#r} 1-0

[Event "ch-PER 2017"]
[Site "masterchessopen.com Lima PER"]
[Date "2017.03.01"]
[Round "2.18"]
[White "Gomez Huaraya,Jesus Miguel"]
[Black "Delgado Romero,Marco"]
[Result "1-0"]
[WhiteElo "1904"]
[BlackElo "2186"]

1.d4 Nf6 2.c4 g6 3.Nc3 d5 4.cxd5 Nxd5 5.e4 Nxc3 6.bxc3 Bg7 7.Bb5+ c6 8.Ba4 O-O
9.Ne2 e5 10.O-O Qe7 11.d5 b5 12.Bb3 Rd8 13.a4 b4 14.cxb4 Qxb4 15.Qc2 Bb7
16.Ba3 Qa5 17.Be7 Rd7 18.d6 c5 19.Qc4 Nc6 20.Qxf7+ Kh8 21.Qe6 Rxe7 22.dxe7 Re8
23.Qf7 {#r} 1-0

[Event "ch-PER 2017"]
[Site "masterchessopen.com Lima PER"]
[Date "2017.03.01"]
[Round "2.19"]
[White "Reyes La Rosa,Juan"]
[Black "Fuentes,Mo"]
[Result "1-0"]
[WhiteElo "1880"]
[BlackElo "2182"]

1.d4 Nf6 2.c4 c5 3.d5 e6 4.Nc3 exd5 5.cxd5 d6 6.e4 Be7 7.Be2 O-O 8.Nf3 Nbd7
9.h3 a6 10.a4 Re8 11.O-O Bf8 12.Qc2 Rb8 13.Re1 Nb6 14.Nd2 Nfd7 15.f4 Qf6
16.Nf3 Na8 17.Bd2 Nc7 18.Bd3 g6 19.a5 b5 20.axb6 Rxb6 21.Re2 Bg7 22.Rae1 Rb4
23.e5 dxe5 24.fxe5 Qb6 25.Na4 Qa7 26.Bxb4 cxb4+ 27.Kh1 Nxd5 28.e6 fxe6 29.Rxe6
Rf8 30.Bc4 Qa8 31.Rd6 {#r} 1-0

[Event "ch-PER 2017"]
[Site "masterchessopen.com Lima PER"]
[Date "2017.03.01"]
[Round "2.20"]
[White "Aguilar,V"]
[Black "Cutimbo Chavez,Jose Luis"]
[Result "1-0"]
[WhiteElo "2179"]
[BlackElo "1874"]

1.Nf3 Nf6 2.c4 g6 3.b3 Bg7 4.Bb2 O-O 5.g3 d6 6.Bg2 e5 7.O-O Nbd7 8.d4 Qe7 9.e3
Re8 10.Qc2 exd4 11.exd4 Nf8 12.Nc3 Bf5 13.Qc1 Qd7 14.Nh4 Bh3 15.Bxb7 Bxf1
16.Bxa8 Bxc4 17.Bb7 c6 18.bxc4 Qxb7 19.Qc2 Ne6 20.Nf3 c5 21.d5 Nd4 22.Nxd4
cxd4 23.Nb5 Nxd5 24.Nxd6 d3 25.Qxd3 Qxb2 26.Rb1 Nb4 27.Qf1 Rd8 28.Rxb2 Bxb2
29.c5 Bd4 30.Qc4 Nc6 31.Qxf7+ Kh8 32.Qd5 Ne5 33.Kg2 {#r} 1-0

[Event "ch-PER 2017"]
[Site "masterchessopen.com Lima PER"]
[Date "2017.03.01"]
[Round "2.21"]
[White "Jose,G"]
[Black "Robledo,M"]
[Result "0-1"]
[WhiteElo "1861"]
[BlackElo "2173"]

1.d4 Nf6 2.Nf3 g6 3.Bf4 Bg7 4.Nbd2 O-O 5.e3 d6 6.Be2 c5 7.O-O Nc6 8.c3 Nh5
9.Bg5 h6 10.Bh4 g5 11.Ne1 cxd4 12.cxd4 Nf4 13.exf4 gxh4 14.d5 Nd4 15.Bd3 Qa5
16.Nef3 Bg4 17.h3 Bh5 18.Re1 Rfe8 19.Bc4 Qb4 20.b3 b5 21.a3 Qa5 22.b4 Qc7
23.Bf1 Qb7 24.Rc1 Qxd5 25.Rc7 Ne6 26.Rxe6 fxe6 27.Qc2 a5 28.a4 axb4 29.Bxb5
Qf5 30.Qb3 Rec8 31.Rxe7 Rc1+ 32.Nf1 Qxf4 33.Qxe6+ Bf7 34.Qd7 Rf8 35.Bd3 b3
36.Qb7 b2 37.Re4 Qf6 38.Rxh4 Ba2 39.Rb4 d5 40.Kh2 Bc4 41.Bxc4 dxc4 42.Ne3 Qf4+
43.g3 Qxf3 44.Qb5 Rh1# 0-1

[Event "ch-PER 2017"]
[Site "masterchessopen.com Lima PER"]
[Date "2017.03.01"]
[Round "2.22"]
[White "Fernandez Perez,J"]
[Black "Cornelio Argumedo,Yamil"]
[Result "1-0"]
[WhiteElo "2160"]
[BlackElo "1872"]

1.e4 c6 2.d4 d5 3.Nd2 dxe4 4.Nxe4 Nf6 5.Nxf6+ exf6 6.Nf3 Bd6 7.Be2 O-O 8.O-O
Re8 9.h3 Qc7 10.Re1 Be6 11.c4 Nd7 12.Bd2 Rad8 13.Bd3 g6 14.Rc1 Qb8 15.a4 Nf8
16.Bc3 Nd7 17.b4 Bf4 18.Ra1 Qd6 19.Qb1 f5 20.Qb2 f6 21.Rad1 Bf7 22.Rf1 Qc7
23.a5 b6 24.axb6 axb6 25.Ra1 Ra8 26.Rxa8 Rxa8 27.Re1 Re8 28.Rxe8+ Bxe8 29.g3
Bd6 30.c5 Be7 31.Qe2 Kf8 32.Bd2 Bf7 33.Bc4 b5 34.Bh6+ Ke8 35.Bxf7+ Kxf7
36.Qa2+ Ke8 37.Qa8+ Kf7 38.Bf4 Qd8 39.Qxc6 g5 40.Bc7 Nb8 41.Qb7 {#r} 1-0

[Event "ch-PER 2017"]
[Site "masterchessopen.com Lima PER"]
[Date "2017.03.01"]
[Round "2.26"]
[White "Hepler Ramirez,Narayana"]
[Black "Escalante Ramirez,Brian Sebasti"]
[Result "0-1"]
[WhiteElo "1759"]
[BlackElo "2313"]

1.e4 e6 2.d4 d5 3.Nc3 Bb4 4.e5 Ne7 5.a3 Bxc3+ 6.bxc3 c5 7.Qg4 cxd4 8.Qxg7 Rg8
9.Qxh7 Qc7 10.Ne2 Nbc6 11.f4 dxc3 12.Qd3 d4 13.Ng3 Bd7 14.Ne4 O-O-O 15.Nd6+
Kb8 16.Rb1 Bc8 17.Rg1 Nf5 18.Nxf5 exf5 19.Kf2 Rh8 20.Rh1 b6 21.g3 Na5 22.Bg2
Nb7 23.Qf3 Be6 24.h4 Bd5 25.Qe2 Qc6 26.Bxd5 Qxd5 27.Rf1 Rdg8 28.Rg1 Nc5 29.Rb5
d3 {#R} 0-1

[Event "ch-PER 2017"]
[Site "masterchessopen.com Lima PER"]
[Date "2017.03.01"]
[Round "2.27"]
[White "Garcia Toledo,P"]
[Black "Medina,El"]
[Result "1-0"]
[WhiteElo "2158"]
[BlackElo "1750"]

1.e4 c6 2.d4 d5 3.exd5 cxd5 4.c4 Nf6 5.Nc3 e6 6.Nf3 Be7 7.Bd3 Nc6 8.Bg5 O-O
9.Rc1 Ne4 10.Nxe4 dxe4 11.Bxe7 Nxe7 12.Bxe4 f5 13.Bb1 Qd6 14.O-O Rd8 15.Qe2
Nc6 16.Rfd1 Qe7 17.a3 h6 18.b4 Qf6 19.d5 exd5 20.cxd5 Ne7 21.d6 Rxd6 22.Rxd6
Qxd6 23.Rd1 Qc7 24.Ba2+ Kh7 25.Re1 Ng8 26.Bxg8+ Kxg8 27.Qe8+ Kh7 28.Ng5+ {#r}
1-0

[Event "ch-PER 2017"]
[Site "masterchessopen.com Lima PER"]
[Date "2017.03.01"]
[Round "2.29"]
[White "Reynaga,Roland"]
[Black "Tasayco,A"]
[Result "0-1"]
[WhiteElo "1722"]
[BlackElo "1879"]

1.d4 Nf6 2.c4 g6 3.Nc3 Bg7 4.Nf3 O-O 5.Bf4 c5 6.d5 d6 7.h3 Qa5 8.Qd2 a6 9.e3
Nbd7 10.Be2 b5 11.O-O Nb6 12.cxb5 axb5 13.Bxb5 Bb7 14.Qe2 Nfxd5 15.Nxd5 Nxd5
16.Bg3 h6 17.Rfd1 Rab8 18.Rab1 Nc7 19.Bc4 Be4 20.Bd3 Bxd3 21.Qxd3 Qxa2 22.b3
Nb5 23.Rd2 Qa5 24.Kh2 Qb4 25.Ne1 Nc3 26.Nc2 Qe4 27.Rb2 c4 28.Qf1 Rxb3 29.Nd4
Bxd4 30.Rxd4 Qb7 31.Qxc4 Rxb2 32.Qxc3 Rc8 33.Qd3 Rb3 34.Qd1 Rb1 35.Qg4 Rc5
36.Bf4 e5 37.Rxd6 exf4 38.Qxf4 Rc8 39.e4 Rb4 40.Qxh6 Rb6 41.Rd4 Qc7+ 42.g3 Qe5
43.Qe3 Rb3 44.Qd2 Rcc3 45.Kh1 {#R} 0-1

[Event "ch-PER 2017"]
[Site "masterchessopen.com Lima PER"]
[Date "2017.03.01"]
[Round "2.30"]
[White "Zata Gonzales,Daniel"]
[Black "Arcos,Luis"]
[Result "1-0"]
[WhiteElo "1850"]
[BlackElo "1498"]

1.e4 c5 2.Na3 e6 3.c3 Nf6 4.e5 Nd5 5.Nf3 Nc6 6.Bc4 a6 7.O-O Be7 8.Bxd5 exd5
9.Nc2 b5 10.d4 c4 11.Ne3 d6 12.Nxd5 dxe5 13.Nxe7 Qxe7 14.Nxe5 Nxe5 15.dxe5 O-O
16.Bf4 Bb7 17.Qg4 f6 18.Rae1 Rae8 19.Qg3 Kh8 20.exf6 Qxf6 21.Be5 Qh6 22.f4 Rg8
23.h4 Re6 24.f5 Rb6 25.Bd4 Rc6 26.Re7 Bc8 27.Qg5 Qxg5 28.hxg5 h6 29.f6 hxg5
30.f7 {#r} 1-0

[Event "ch-PER 2017"]
[Site "masterchessopen.com Lima PER"]
[Date "2017.03.01"]
[Round "2.34"]
[White "Palacios Llancari,Jose Wilfredo"]
[Black "Carrillo Jaramillo,Jhosmer"]
[Result "1-0"]
[WhiteElo "1803"]
[BlackElo "1505"]

1.e4 c5 2.Nf3 d6 3.Bb5+ Bd7 4.Bxd7+ Qxd7 5.O-O Nc6 6.Qe2 e5 7.c3 Nf6 8.Rd1 Be7
9.d4 cxd4 10.cxd4 Qc7 11.Nc3 O-O 12.Nb5 Qb8 13.d5 Nd8 14.a4 a6 15.Nc3 Nd7
16.g4 f6 17.Nh4 g6 18.Bh6 Re8 19.Rd3 Nf7 20.Bd2 f5 21.gxf5 Bxh4 22.fxg6 hxg6
23.Qg4 Qd8 24.Qxg6+ Kf8 25.Bh6+ Nxh6 26.Qxh6+ Kg8 27.Kh1 Qf6 28.Rg1+ Kf7
29.Qh7+ Kf8 30.Rg8# 1-0

[Event "ch-PER 2017"]
[Site "masterchessopen.com Lima PER"]
[Date "2017.03.01"]
[Round "2.35"]
[White "Farfan,Gabriel"]
[Black "Lazaro Cuevas,Ronald Anthony"]
[Result "1-0"]
[WhiteElo "1781"]
[BlackElo "1487"]

1.e4 e5 2.Nf3 Nc6 3.Bb5 f5 4.d3 fxe4 5.dxe4 Nf6 6.O-O d6 7.Nbd2 Be7 8.Qe2 Bg4
9.h3 Bd7 10.Rd1 h6 11.Nf1 O-O 12.Ng3 Nh7 13.c3 Qe8 14.Be3 Qg6 15.Rd2 a6 16.Bd3
Nd8 17.Rad1 Ne6 18.Bc4 Kh8 19.Nxe5 dxe5 20.Rxd7 Nf4 21.Bxf4 exf4 22.Nf5 Bf6
23.Qg4 Qxg4 24.hxg4 Be5 25.Ne7 {#r} 1-0

[Event "ch-PER 2017"]
[Site "masterchessopen.com Lima PER"]
[Date "2017.03.01"]
[Round "2.38"]
[White "Varillas Jimenez,Ivan"]
[Black "Lopez Herrera,Piero"]
[Result "1-0"]
[WhiteElo "1397"]
[BlackElo "1752"]

1.d4 Nf6 2.c4 e6 3.Nf3 Bb4+ 4.Bd2 Qe7 5.a3 Bxd2+ 6.Nbxd2 d6 7.e4 e5 8.d5 O-O
9.Bd3 Ne8 10.O-O g6 11.b4 f5 12.Rc1 b6 13.Qc2 f4 14.c5 Rf7 15.Bb5 a6 16.Bxe8
Qxe8 17.cxd6 Nd7 18.dxc7 h6 19.Qc6 Ra7 20.Qxg6+ Kh8 21.Nh4 Qf8 22.Rc6 Nf6
23.Rfc1 Ng8 24.Qh5 Qg7 25.Ng6+ Kh7 26.Nxe5 Re7 27.Ng6 Rf7 28.Qe5 Nf6 29.Nxf4
Qf8 30.Ne6 Qg8 31.Nd8 Ng4 32.Qh5 Rxf2 33.Rxh6+ Nxh6 34.Kxf2 Qg7 35.d6 Qd4+
36.Ke2 Qg7 37.Kf1 Qb2 38.Rd1 Bd7 39.Qg5 Qc2 40.Ke1 Bg4 41.Qe7+ Kg6 42.Nf3 Qxg2
43.Nh4+ {#r} 1-0

[Event "ch-PER 2017"]
[Site "masterchessopen.com Lima PER"]
[Date "2017.03.01"]
[Round "2.39"]
[White "Garceran Izquierdo,Ruben"]
[Black "Arevalo Perez,Luis Alexander"]
[Result "1-0"]
[WhiteElo "1745"]
[BlackElo "1458"]

1.e4 e6 2.d4 d5 3.e5 c5 4.c3 Nc6 5.Nf3 Qb6 6.Be2 Nge7 7.b3 Nf5 8.Bb2 cxd4
9.cxd4 Bb4+ 10.Kf1 Bd7 11.g4 Nfe7 12.a3 Qa5 13.axb4 Qxb4 14.Na3 Rc8 15.Nb5
Nxe5 16.Ba3 Qxb5 17.Bxb5 Bxb5+ 18.Kg2 N5g6 19.Qd2 Rc2 20.Qxc2 Nf4+ 21.Kg3 Ne2+
22.Kg2 Nf4+ 23.Kg3 Ne2+ 24.Qxe2 Bxe2 25.Bxe7 Kxe7 26.Rxa7 Ba6 27.b4 Kf6 28.Rc1
h5 29.g5+ Kf5 30.b5 Bxb5 31.Rxb7 {#r} 1-0

[Event "ch-PER 2017"]
[Site "masterchessopen.com Lima PER"]
[Date "2017.03.01"]
[Round "2.40"]
[White "Guillen Vilca,John"]
[Black "Ochochoque Hernandez,Julio"]
[Result "0-1"]
[WhiteElo "1363"]
[BlackElo "1740"]

1.e4 c5 2.Nf3 e6 3.d4 cxd4 4.Nxd4 a6 5.Nc3 Qc7 6.Bd3 Nc6 7.Nxc6 Qxc6 8.O-O d6
9.Be3 Nf6 10.Qe2 Be7 11.a4 O-O 12.f3 b6 13.Qf2 Nd7 14.Ne2 Nc5 15.Nd4 Qb7
16.Bc4 Bd7 17.b3 Rfc8 18.Rfc1 Nxa4 19.bxa4 Rxc4 20.a5 b5 21.Ne2 Rac8 22.Nf4
Bf6 23.Ra2 g6 24.Qd2 Qc7 25.Nd3 b4 26.g4 Bc3 27.Qd1 e5 28.Bb6 Qb7 29.Nb2 R4c6
30.Nd3 Be6 31.Ra4 Qd7 32.Nxb4 Rxb6 33.axb6 Qxa4 34.Nd5 Bxd5 35.Qxd5 Qd4+
36.Qxd4 Bxd4+ 37.Kf1 Bxb6 38.Rb1 Bd4 {#R} 0-1

[Event "ch-PER 2017"]
[Site "masterchessopen.com Lima PER"]
[Date "2017.03.01"]
[Round "2.41"]
[White "Benavides Conza,Diego Angelo"]
[Black "Ccerhuayo Escobedo,Mels Leopold"]
[Result "0-1"]
[WhiteElo "1296"]
[BlackElo "1705"]

1.e4 c5 2.Nf3 d6 3.d4 cxd4 4.Nxd4 Nf6 5.Nc3 g6 6.Be3 Bg7 7.Qd2 Nc6 8.f3 O-O
9.g4 Bxg4 10.fxg4 Nxg4 11.Nde2 Nce5 12.Qc1 Bh6 13.Nf4 {#R} 0-1

[Event "ch-PER 2017"]
[Site "masterchessopen.com Lima PER"]
[Date "2017.03.01"]
[Round "2.42"]
[White "Tomey,Hidetoshi"]
[Black "Guerrero Malpartida,Luis Carlos"]
[Result "0-1"]
[WhiteElo "1279"]
[BlackElo "1689"]

1.e4 c5 2.c4 Nc6 3.Nf3 g6 4.Nc3 Nd4 5.d3 Bg7 6.h4 h5 7.Be3 d6 8.Nd5 Bg4 9.Bxd4
cxd4 10.Qa4+ Bd7 11.Qb4 Bc6 12.Qb3 Nh6 13.g3 O-O 14.Bh3 Qa5+ 15.Nd2 e6 16.Ne7+
Kh7 17.Ke2 Qc7 18.Nxc6 bxc6 19.a3 f5 20.exf5 exf5 21.Nf3 Bf6 22.Kd2 Qa5+
23.Kc2 Rab8 24.Qa2 d5 25.b4 Qc7 26.Rac1 a5 27.Kd1 axb4 28.cxd5 b3 29.Qb2 c5
30.Kd2 Qd6 31.Rc4 f4 32.Rg1 Qxd5 33.Bg2 fxg3 34.Ng5+ Bxg5+ 35.Ke1 gxf2+ 36.Kf1
fxg1=Q+ 37.Kxg1 Be3+ 38.Kh2 Ng4+ 39.Kh3 Rf3+ 40.Bxf3 Qxf3# 0-1

[Event "ch-PER 2017"]
[Site "masterchessopen.com Lima PER"]
[Date "2017.03.01"]
[Round "2.47"]
[White "Anicama Orcon,Richard"]
[Black "Sirvas Mendizabal,Arian Emmanue"]
[Result "1-0"]
[WhiteElo "1580"]
[BlackElo "1228"]

1.e4 c5 2.Nf3 e6 3.d4 cxd4 4.Nxd4 a6 5.Bc4 Nf6 6.Bg5 Be7 7.Nc3 Qc7 8.Bb3 Nc6
9.Nxc6 bxc6 10.O-O O-O 11.f4 d6 12.Qe1 h6 13.Bh4 e5 14.Rd1 exf4 15.Bxf6 Bxf6
16.Rxf4 d5 17.Rf1 Re8 18.Qd2 dxe4 19.Rxf6 gxf6 20.Qxh6 Qb6+ 21.Kh1 Qf2 22.Nxe4
Bg4 23.Nxf2 Bxd1 24.h3 Re1+ 25.Kh2 Rae8 26.Nxd1 {#r} 1-0

[Event "ch-PER 2017"]
[Site "masterchessopen.com Lima PER"]
[Date "2017.03.02"]
[Round "3.2"]
[White "Cruz,Cr"]
[Black "Rengifo Blancas,Renzo Jhonathan"]
[Result "1-0"]
[WhiteElo "2565"]
[BlackElo "2221"]

1.Nf3 d5 2.e3 Nf6 3.c4 c6 4.Nc3 a6 5.Be2 e6 6.d4 Nbd7 7.Qc2 dxc4 8.Bxc4 b5
9.Be2 c5 10.dxc5 Bxc5 11.O-O Bb7 12.Rd1 Qc7 13.Bd2 O-O 14.Rac1 Rac8 15.Qb1 Qb8
16.Be1 h6 17.a3 Rfd8 18.Nd2 Bd6 19.h3 Qa8 20.Bf1 Nc5 21.b4 Nce4 22.Nb3 Nxc3
23.Bxc3 Ne4 24.Bd4 Qb8 25.Qb2 Bh2+ 26.Kh1 Bg3 27.f4 Nf2+ 28.Kg1 Nxd1 29.Rxd1
f6 30.Qb1 e5 31.Qg6 exd4 32.Nxd4 Re8 33.Bd3 Bxf4 34.exf4 Qxf4 35.Qh7+ Kf8
36.Nf5 Qg5 37.Bf1 Bc6 38.h4 Qg4 39.Rd4 Re4 40.Be2 Rxd4 41.Bxg4 Rxg4 42.Qh8+
Kf7 43.Qxc8 Rxg2+ 44.Kf1 Rc2 45.Ke1 Be4 46.Qd7+ Kg6 47.Ng3 {#r} 1-0